000 00306nam a22001337a 4500
008 181217b xxu||||| |||| 00| 0 eng d
020 _a9780827372337
041 _aeng
080 _a610.73
100 _a2
101 _aINF
245 _aPsychiatric Mental Health Nursing
_cFrisch,N.C
942 _2udc
_cBK
999 _c53177
_d53177